Dobrodružstvá pavúka Vinca

Bibliographic Details
Main Author: Čech, Pavel, 1968- (Author, Illustrator)
Other Authors: Birošová, Katarína (Translator)
Format: Book
Language:Slovak
Czech
PhysicalDescription:80 strán farebné ilustrované listy 23 cm
Published: [Havlíčkův Brod] Petrkov 2019
ISBN:9788087595763
Edition:1. vydanie v slovenčine
Subjects:

MARC

LEADER 00000cam a2200000 4500
001 vtls011864411
003 SK-MaSNL
005 20260302022834.0
008 210906s2019 xr f br 000 j slo
015 |a SNBZSA2021/05 
020 |a 9788087595763  |q (viazané) 
035 |a urn:nbn:sk:snk-am00fh53 
035 |a urn:nbn:sk:snk-am3iv1i 
035 |a B30E20E8-A760-42E5-8703-E581037BA76B 
040 |a SNK  |b slo  |c SNK  |e rda 
041 1 |a slo  |h cze 
044 |a xr  |c CZ 
072 7 |a 821.162.3  |x Česká literatúra  |2 konspekt 
072 7 |a 821-93  |x Literatúra pre deti a mládež (beletria)  |2 konspekt 
080 |a 821.162.3-32  |2 2011 
080 |a 82-93-053.4/.5  |2 2011 
100 1 |a Čech, Pavel,  |d 1968-  |4 aut  |4 ill  |9 133842 
240 1 0 |a Dobrodružství pavouka Čendy  |l Slovensky 
245 1 0 |a Dobrodružstvá pavúka Vinca  |c Pavel Čech ; z českého originálu "Dobrodružství pavouka Čendy" preložila Katarína Birošová 
250 |a 1. vydanie v slovenčine 
264 1 |a [Havlíčkův Brod]  |b Petrkov  |c 2019 
300 |a 80 strán  |b farebné ilustrované listy  |c 23 cm 
336 |a text  |b txt  |2 rdacontent 
336 |a statický obraz  |b sti  |2 rdacontent 
337 |a bez média  |b n  |2 rdamedia 
338 |a zväzok  |b nc  |2 rdacarrier 
500 |a Obsahuje biografické údaje o autorovi 
500 |a Údaj o mieste vydania zistený z externých zdrojov 
500 |a Preložené z češtiny 
655 7 |a české príbehy  |2 SNKPH  |9 70773 
655 7 |a literatúra pre deti  |2 SNKPH  |9 87135 
655 7 |a Czech stories  |2 SNKPHeng  |9 319629 
655 7 |a Children's literature  |2 SNKPHeng  |9 276039 
700 1 |a Birošová, Katarína  |4 trl  |9 187771 
919 |a 978-80-87595-76-3 
958 |a LX 
958 |a DB 
958 |a UP 
958 |a ZS 
968 |b ČES 
999 |c 1034285  |d 1036215 
952 |a SNK  |b SNK  |y PREZ  |7 0  |p 17A1446354  |o snkSC 191551  |i snk2021/61  |8 4  |g 13.30  |0 0  |1 0  |4 0  |d 2020-03-02  |f 1  |l 0  |r 2025-10-08 00:00:00  |w 2026-02-24